| 000 | 01287nmc a2200373 a 4500 | ||
|---|---|---|---|
| 003 | AR-BaBNM | ||
| 005 | 20251128211012.0 | ||
| 008 | 195020s2003 ||||||||||||||000 | spa|| | ||
| 020 | _a987-9471-23-7 | ||
| 040 | _cAR-BaBNM | ||
| 111 | 2 |
_aArgentina en el Wilson Center _cWashington _d2003 |
|
| 245 | 1 | 0 |
_aRepensando la Argentina _bantes de diciembre de 2001 y más allá de mayo de 2003 |
| 260 |
_aWashington _bWoodrow Wilson International Center for Scholars. Latin American Program _c2003 |
||
| 300 | 0 | _a97 p. | |
| 490 | 0 |
_aWoodrow Wilson Center Reports on the Americas _vv. 7 |
|
| 520 | _aEste libro se basa en una reunión de ocho horas realizada el el Woodrow Wilson International Center for Scholars, Washington | ||
| 610 | 2 | 4 | _aMERCOSUR |
| 650 | 4 | _aHISTORIA ARGENTINA | |
| 650 | 4 | _aDEMOCRACIA | |
| 650 | 4 | _aECONOMIA | |
| 650 | 4 | _aCULTURA | |
| 650 | 4 | _aCRISIS POLITICAS | |
| 650 | 4 | _aPARTIDOS POLITICOS ARGENTINOS | |
| 650 | 4 | _aDEVALUACION MONETARIA | |
| 651 | 4 | _aArgentina | |
| 653 | _aSOCIEDAD CIVIL | ||
| 653 | _aPODER CIUDADANO | ||
| 700 | 1 |
_aArmony, Ariel C. _ecompilador |
|
| 700 | 1 |
_aSchamis, Héctor E. _ecompilador |
|
| 700 | 1 |
_aCohen, Giselle _ecolaborador |
|
| 700 | 1 |
_aTulchin, Joseph S. _eprologuista |
|
| 942 | _cBK | ||
| 998 | _cme-solo cat | ||
| 999 |
_c17838 _d17838 |
||